Science Quiz

Random Science or Letter Quiz
Score 0/5 Timer 00:30
10 Plays Today
Double Letter Element(s) % Correct
SShassium, potassium, tennessine, oganesson
74.9%
LLberyllium, gallium, palladium, tellurium, thallium
69.4%
TTytterbium, yttrium
54.3%
PPcopper
47.2%
NNtennessine
34.4%

You're not logged in!

Compare scores with friends on all Sporcle quizzes.
OR
Log In

Sporcle TV

Today on Sporcle TV


Watch our educational content, quiz creation guides, and fun videos on Sporcle TV.

Show Comments

Extras

Top Quizzes Today


Score Distribution

Paid Content

Your Account Isn't Verified!

In order to create a playlist on Sporcle, you need to verify the email address you used during registration. Go to your Sporcle Settings to finish the process.

Report this User

Report this user for behavior that violates our Community Guidelines.

Details: